| 000 | 02994cam a2200529 i 4500 | ||
|---|---|---|---|
| 001 | 18115300 | ||
| 003 | OSt | ||
| 005 | 20180117085954.0 | ||
| 008 | 140414s2014 enk 001 0deng | ||
| 010 | _a 2013049092 | ||
| 020 | _a9781781682869 (hardback : alkaline paper) | ||
| 020 | _z9781781682876 (electronic : US) | ||
| 020 | _z9781781686591 (electronic : UK) | ||
| 040 |
_aDLC _beng _cDLC _erda _dDLC |
||
| 041 | 1 |
_aeng _hita |
|
| 042 | _apcc | ||
| 043 | _ae-it--- | ||
| 050 | 0 | 0 |
_aDG571 _b.C426513 2014 |
| 082 | 0 | 0 |
_a945.091092 _aB _223 |
| 084 |
_aBIO026000 _aHIS020000 _2bisacsh |
||
| 100 | 1 |
_aCastellina, Luciana, _d1929- |
|
| 240 | 1 | 0 |
_aScoperta del mondo. _lEnglish |
| 245 | 1 | 0 |
_aDiscovery of the world : _ba political awakening in the shadow of Mussolini / _cLuciana Castellina ; translated by Patrick Camiller. |
| 260 |
_aLondon _bVerso _c2014 |
||
| 300 |
_axiv, 194 pages ; _c22 cm |
||
| 500 | _a"First published as La scoperta del mondo ... Nottetempo SRL, 2011"--Title page verso. | ||
| 500 | _aIncludes index. | ||
| 505 | 0 | _aForeword / by Lucrezia Reichlin -- War -- Peace -- Discovering the World -- Discovering Italy. | |
| 520 | 2 | _a"Luciana Castellina is one of Italy's most prominent left intellectuals and a cofounder of the newspaper Il manifesto. In this coming-of-age memoir, based on her diaries, she recounts her political awakening as a teenage girl in Fascist Italy--where she used to play tennis with Mussolini's daughter--and the subsequent downfall of the regime. Discovery of the World is about war, anti-Semitism, anti-fascism, resistance, the belief in social justice, the craving for experience, travel, political rallies, cinema, French intellectuals and FIAT workers, international diplomacy and friendship. All this is built on an intricate web made of reason and affection, of rational questioning and ironic self-narration as well as of profound nostalgia, disappointment and discovery"-- | |
| 600 | 1 | 0 |
_aCastellina, Luciana, _d1929- _xChildhood and youth. |
| 600 | 1 | 0 |
_aCastellina, Luciana, _d1929- _vDiaries. |
| 650 | 0 |
_aTeenage girls _zItaly _vDiaries. |
|
| 650 | 0 |
_aComing of age _zItaly. |
|
| 650 | 0 |
_aWorld War, 1939-1945 _vPersonal narratives, Italian. |
|
| 650 | 0 |
_aFascism _zItaly _xHistory _y20th century. |
|
| 650 | 0 |
_aCommunism _zItaly _xHistory _y20th century. |
|
| 650 | 7 |
_aBIOGRAPHY & AUTOBIOGRAPHY / Personal Memoirs. _2bisacsh |
|
| 650 | 7 |
_aHISTORY / Europe / Italy. _2bisacsh |
|
| 651 | 0 |
_aItaly _xHistory _y20th century _vBiography. |
|
| 651 | 0 |
_aItaly _xPolitics and government _y1922-1945. |
|
| 651 | 0 |
_aItaly _xSocial conditions _y1918-1945. |
|
| 856 | 4 | 2 |
_3Cover image _u9781781682869.jpg |
| 906 |
_a7 _bcbc _corignew _d1 _eecip _f20 _gy-gencatlg |
||
| 942 |
_2ddc _cBK |
||
| 999 |
_c3003 _d3003 |
||